| 000 | 00870nam a2200229 a 4500 | ||
|---|---|---|---|
| 003 | BLK | ||
| 005 | 20250724123001.0 | ||
| 008 | 181207b bu ao||dr|||| 00| 0 bu d | ||
| 020 | _a978-619-93024-0-8 | ||
| 040 | _aBLK | ||
| 041 |
_aENG _cENG |
||
| 080 |
_aАнглийски език _b811.111 _z811.111:087.5 |
||
| 080 |
_aИздания за деца и юноши. Книжки-картинки. Читанки. Вж и 372.4 _b087.5 _z087.5:811.111 |
||
| 245 | _aStemy pre A1 : beginner student's book | ||
| 260 |
_9498517 _aСофия _bСтеми кидс _c2024 |
||
| 300 |
_a131 с. : с цв. ил., [32] л. : цв. ил. _c30 см |
||
| 380 | _a80 | ||
| 500 | _aЗагл. на гърба на кн.: Beginner student's book pre A1 | ||
| 650 | 0 |
_9242420 _aАнглийски език |
|
| 650 | 0 |
_9267880 _aКнижки-картинки |
|
| 942 |
_cKNG _n0 |
||
| 999 |
_c547118 _d547118 |
||
| 944 |
_a30545 _cНора Радева _k30545 _lНора Радева |
||